Naš opyt bor'by za ekonomiju /

Uložené v:
Podrobná bibliografia
Hlavní autori: Zavadskaja, P. (Author), Baranovskaja, K. (Author)
Médium: Kniha
Jazyk:Russian
Vydané: Moskva : Profizdat, 1952.
Vydanie:1. izd.
Edícia:Novatory socialističeskogo proizvodstva
ISBN: (brož.)
Fyzický popis: 50 s.
Tagy: Pridať tag
Žiadne tagy, Buďte prvý kto otaguje tento záznam!

MARC

LEADER 00000pam a22000002 4500
001 000569607
005 20171220103118.0
008 970810s1952 ru e 000 0 rus d
020 |a (brož.)  |c Kčs 2,50 
040 |a SVKKK  |b slo  |c SVKKK  |e AACR2 
041 0 |a rus 
044 |a ru  |c RU 
100 1 |a Zavadskaja, P.,  |4 aut 
245 1 0 |a Naš opyt bor'by za ekonomiju /  |c P. Zavadskaja, K. Baranovskaja. 
250 |a 1. izd. 
260 |a Moskva :  |b Profizdat,  |c 1952. 
300 |a 50 s. 
490 1 |a Novatory socialističeskogo proizvodstva 
700 1 |a Baranovskaja, K.,  |4 aut 
830 0 |a Novatory socialističeskogo proizvodstva 
910 |a svkkk 
998 |a BK 
090 |g SCKHL  |k Sklad  |a II.708  |j 9865  |i 2720504401  |s Vyradená